[Event "SC-2017-0-00329"]
[Site "LSS email"]
[Date "2017.07.31"]
[Round "?"]
[White "Ederer, Karel"]
[Black "Jacon, Marcel"]
[Result "1-0"]
[WhiteElo "1893"]
[BlackElo "1764"]
[PlyCount "25"]
[EventDate "2017.06.19"]
[EventType "tourn (corr)"]
[EventRounds "6"]
[EventCountry "GER"]
[SourceTitle "Corr 2022"]
[Source "ChessBase"]
[SourceDate "2021.10.24"]
[SourceVersion "1"]
[SourceVersionDate "2021.10.24"]
[SourceQuality "1"]

1. d4 d5 2. c4 dxc4 3. Nf3 Nf6 4. e3 Be6 5. Nc3 Nc6 6. Ng5 Bg4 7. f3 Bc8 8. Bxc4 e6 9. Bd2 Be7 10. a3 Nd5 11. Nge4 f5 12. Nf2 0-0 13. Bxd5 1-0

[Event "SC-2017-0-00329"]
[Site "LSS email"]
[Date "2017.07.31"]
[Round "?"]
[White "Jacon, Marcel"]
[Black "Sirotkin, Evgenji"]
[Result "0-1"]
[WhiteElo "1764"]
[BlackElo "1619"]
[PlyCount "24"]
[EventDate "2017.06.19"]
[EventType "tourn (corr)"]
[EventRounds "6"]
[EventCountry "GER"]
[SourceTitle "Corr 2022"]
[Source "ChessBase"]
[SourceDate "2021.10.24"]
[SourceVersion "1"]
[SourceVersionDate "2021.10.24"]
[SourceQuality "1"]

1. d4 d6 2. e4 g6 3. Be2 Bg7 4. Nc3 Nf6 5. Nf3 0-0 6. 0-0 c5 7. dxc5 dxc5 8. Be3 b6 9. h3 Bb7 10. e5 Nd5 11. Nxd5 Bxd5 12. Qd2 e6 0-1